Relaciones laborales en el sector salud: fuentes de información y métodos de análisis /
Збережено в:
| Автор: | |
|---|---|
| Співавтор: | |
| Інші автори: | , , |
| Формат: | Невідомо |
| Опубліковано: |
Quito:
OPS/OMS
|
| Теги: |
Додати тег
Немає тегів, Будьте першим, хто поставить тег для цього запису!
|
MARC
| LEADER | 00000 a2200000 04500 | ||
|---|---|---|---|
| 001 | 18270 | ||
| 003 | |||
| 008 | 991231s d | ||
| 040 | |||
| 090 | |a 142601 | ||
| 100 | |a Dal Poz, Mario | ||
| 110 | |a Organización Panamericana de la Salud. Programa de Desarrollo de Recursos Humanos en Salud. Observatorio de los Recursos Humanos de Salud en las Reformas Sectoriales. División de Desarrollo de Sistemas y Servicios de Salud | ||
| 245 | |a Relaciones laborales en el sector salud: fuentes de información y métodos de análisis / |c Mario Dal Poz, | ||
| 260 | |a Quito: |b OPS/OMS | ||
| 300 | |a 182 p. | ||
| 700 | |a Galin, Pedro | ||
| 700 | |a Novick, Marta | ||
| 700 | |a Varella, Thereza | ||
| 999 | |c 5959 |d 5959 | ||
